000 00502cam a2200205ua 4500
001 4219
005 20260515113813.0
008 111221n ii |||gr||||Z||||||eng
020 _a0-7069-3033-9
040 _cMAIN
082 _a891.4518
100 _aJacob, T. M.,
245 1 1 _aMy china dairy
_cby T. M. Jacob
250 _a1st.
260 _aNew Delhi:
_bVikas publishing house pvt ltd.,986.
300 _a79p:
_c23cm.
653 _aMy china dairy
653 _aassamese traveller
942 _cBK
999 _c4036
_d4036